Normal view
MARC view
Entry Personal Name
001 - CONTROL NUMBER
- control field: 24582
003 - CONTROL NUMBER IDENTIFIER
- control field: OSt
005 - DATE AND TIME OF LATEST TRANSACTION
- control field: 20230518131714.0
008 - FIXED-LENGTH DATA ELEMENTS
- fixed length control field: 230518|| aca||aabn | a|a d
040 ## - CATALOGING SOURCE
- Original cataloging agency: OSt
- Transcribing agency: OSt
100 ## - HEADING--PERSONAL NAME
- Personal name: Bronte, Emily.
670 ## - SOURCE DATA FOUND
- Source citation: Work cat.: (OSt)26585: Bronte, Emily., The night is darkening round me /, 2015.